[Event "Bogota Distrito Capital op-B"]
[Site "Bogota"]
[Date "2024.09.19"]
[Round "1"]
[White "Marulanda, Carlos Andres"]
[Black "Torres Hernandez, Deivy Santiago"]
[Result "0-1"]
[WhiteElo "1894"]
[BlackElo "1608"]
[PlyCount "54"]
[EventDate "2024.09.19"]
[EventType "swiss"]
[EventRounds "7"]
[EventCountry "COL"]
[SourceTitle "EXT 2025"]
[Source "ChessBase"]
[SourceDate "2024.10.14"]
[SourceVersion "1"]
[SourceVersionDate "2024.10.14"]
[SourceQuality "1"]

1. Nf3 c5 2. c4 Nc6 3. e3 Nf6 4. Nc3 e6 5. d4 d5 6. dxc5 Bxc5 7. a3 a5 8. cxd5 Nxd5 9. Ne4 Be7 10. Bb5 Bd7 11. 0-0 0-0 12. Qe2 Qc7 13. Bd2 Na7 14. Bd3 Rfc8 15. Nfg5 g6 16. Qf3 f5 17. h4 h6 18. Rac1 Qd8 19. Nh3 fxe4 20. Qxe4 Be8 21. Qxe6+ Bf7 22. Qe4 Nc6 23. Bb1 Nf6 24. Qc2 Nd4 25. Qd1 Nb3 26. Rc2 Rc7 27. Rxc7 Rc8 0-1

[Event "Bogota rapid op"]
[Site "Bogota"]
[Date "2024.09.01"]
[Round "5"]
[White "Torres Hernandez, Deivy Santiago"]
[Black "Castillo, Samir"]
[Result "0-1"]
[WhiteElo "1682"]
[BlackElo "1817"]
[PlyCount "58"]
[EventDate "2024.09.01"]
[EventType "swiss (rapid)"]
[EventRounds "7"]
[EventCountry "COL"]
[SourceTitle "EXT 2025"]
[Source "ChessBase"]
[SourceDate "2024.10.14"]
[SourceVersion "1"]
[SourceVersionDate "2024.10.14"]
[SourceQuality "1"]

1. d4 Nf6 2. c4 g6 3. Nf3 Bg7 4. Nc3 0-0 5. e4 d6 6. Be3 e5 7. dxe5 dxe5 8. Bg5 Qxd1+ 9. Rxd1 c6 10. Nxe5 Nxe4 11. Nxe4 Bxe5 12. Nf6+ Kg7 13. Ng4 Bxg4 14. f3 Be6 15. Be2 Bxb2 16. 0-0 Na6 17. Rb1 Bd4+ 18. Kh1 Bb6 19. g4 f6 20. Bc1 Rfe8 21. Bd3 Nc5 22. Be2 Bxg4 23. fxg4 Rxe2 24. Bb2 Ne4 25. Bc1 Nf2+ 26. Kg2 Nd3+ 27. Kf3 Nxc1 28. Rfxc1 Rae8 29. c5 R8e3+ 0-1

[Event "Teusaquillo Rapid op"]
[Site "Teusaquillo"]
[Date "2023.03.05"]
[Round "8"]
[White "Torres Hernandez, Deivy Santiago"]
[Black "Villamil Alarcon, Hector Orlando"]
[Result "0-1"]
[WhiteElo "1334"]
[BlackElo "1971"]
[PlyCount "69"]
[EventDate "2023.03.04"]
[EventType "swiss (rapid)"]
[EventRounds "9"]
[EventCountry "COL"]
[SourceTitle "CBM 213 Extra"]
[Source "ChessBase"]
[SourceDate "2023.05.31"]
[SourceVersion "1"]
[SourceVersionDate "2023.05.31"]
[SourceQuality "1"]

1. d4 d5 2. c4 e6 3. Nf3 Nf6 4. Nc3 Be7 5. Bf4 c6 6. e3 Nbd7 7. Bd3 dxc4 8. Bxc4 b5 9. Bb3 Bb7 10. 0-0 0-0 11. Ne5 a6 12. Rc1 Rc8 13. f3 c5 14. d5 exd5 15. Bxd5 Bxd5 16. Nxd5 Nxe5 17. Bxe5 Nxd5 18. Qd3 Bf6 19. Bxf6 Nxf6 20. Rfd1 Qxd3 21. Rxd3 c4 22. Ra3 Rc6 23. b3 Rfc8 24. bxc4 Rxc4 25. Rxc4 bxc4 26. Rc3 Nd5 27. Rc1 Nxe3 28. Kf2 Nd5 29. g3 f5 30. f4 Nb4 31. Ke3 Nxa2 32. Ra1 Nb4 33. Rc1 c3 34. Kd4 c2 35. Ra1 0-1